1504 1785 1791 1465 1109 1529 1251 1926 1977 1650 1022 1435 1158 1471 1363 1199 1501 1689 1091 1361 1912 1023 1136 1998 1990 1931 1786 1952 1965 1432 1930 1193 1615 1722 1035 1907 1973 1108 1880 1223 1753 1881 1520 1483 1254 1811 1547 1614 1886 1867 1419 1868 1704 1501 1082 1452 1879 1374 1165 1882 1772 1604 1696 1480 1554 1503 1120 1364 1346 1407 1590 1264 1192 1867 1495 1777 1441 1586 1599 1719 1414 1124 1592 1358 1353 1367 1624 1412 1269 1173 1027 1031 1330 1605 1684 1081 1545 1631 1694 BCNSPRNW ULIB Ver.6.0+V

เปลี่ยนเป็นภาษาไทย

Change to English
 แสดงรายละเอียดบรรณานุกรม
  กลับหน้าหลัก

Brief Record : Get Marc (ISO 2709) : E-mail record : QR code < ปิดหน้าต่าง
LEADER : 00000nam 2200000uu 4500
001    13399129113
003     ULIB
008    020711s2025 th a 000 0 eng d
020    ^a9781975236069
060    ^aQZ4^bT398P
100    ^aTheresa Capriotti
245    ^aPathophysiology Made Incredibly Easy
250    ^a7th ed
260    ^aPhiladelphia :^bWolters Kluwer,^c2025
300    ^a548 pages;^c26 cm
650    ^aPathophysiology
945    ^p1989^l0^i011871
999    ^aประนอม เกษจรัล
รายการนี้ยังไม่มีแท็ก
คุณยังไม่ได้ล็อกอิน คุณสามารถมีกิจกรรมร่วมกับเว็บไซต์ได้ แต่ต้องล็อกอินก่อน ::
  ล็อกอิน

รายการสื่อสารสนเทศ

ลำดับที่ ประเภท เลขเรียก/บาร์โค้ด สถานที่ สถานะ
1. วิทยาศาสตร์การแพทย์ และสุขภาพ
หนังสือสำรอง
สถานะ=หนังสือสำรอง
QZ4 T398P ฉ.1 
  Barcode: 011871
ห้องสมุดวิทยาเขตสวรรค์ประชารักษ์
►หนังสือทั่วไป
บนชั้น

รายการใกล้เคียง
    ชื่อเรื่อง [Pathophysiology Made Incredibly Easy]

    หัวเรื่อง [Pathophysiology]

BibComment


ยังไม่เคยถูกคอมเมนท์

คอมเมนท์ทรัพยากรรายการนี้
  คอมเมนท์: Pathophysiology ..


 Copyright 2026. Bcnsprnw @Library